Science Quiz

Random Science or Animal Quiz

Cat or Dog? Quiz Stats

 Plays Quiz Updated Jan 6, 2015

Challenge
Share
Tweet
Embed
Score 0/40 Timer 05:00
11 Plays Today
Breed (C)at or (D)og % Correct
Beagle???
95.3%
Alaskan Malamute???
91.9%
Cardigan Welsh Corgi???
91.3%
Pug???
91%
Saint Bernard???
90.2%
Newfoundland???
89.9%
Siamese???
88.3%
Sphynx???
88.3%
Bengal???
88.2%
Egyptian Mau???
87.9%
Persian???
87.7%
Abyssinian???
87.2%
Mastiff???
85.9%
Pomeranian???
85.6%
Manx???
85.3%
Bichon Frisé???
84.9%
Whippet???
81.9%
Pekingese???
80.5%
Chartreux???
78%
Ragdoll???
76.9%
Breed (C)at or (D)og % Correct
Russian Blue???
75.1%
Turkish Angora???
73.2%
Papillon???
73%
Korat???
72.7%
Pixie Bob???
71.8%
Borzoi???
70.4%
Harrier???
70.2%
Balinese???
68.9%
Vizsla???
68.2%
Maine Coon???
66.2%
Birman???
64.9%
Japanese Chin???
61.9%
Saluki???
60.6%
Löwchen???
60.2%
Cornish Rex???
60.2%
Scottish Fold???
57.7%
Briard???
56.9%
Komondor???
56.6%
Puli???
43.8%
Xoloitzcuintli???
42.3%

You're not logged in!

Compare scores with friends on all Sporcle quizzes.
Join for Free
OR
Log In

You Might Also Like...

Show Comments

Extras

Top Quizzes Today


Score Distribution

Your Account Isn't Verified!

In order to create a playlist on Sporcle, you need to verify the email address you used during registration. Go to your Sporcle Settings to finish the process.

Report this User

Report this user for behavior that violates our Community Guidelines.

Details: